000 00544nam a22001817a 4500
999 _c7587
_d7587
003 AR-CdUCM
008 190320b ||||| |||| 00| 0 spa d
040 _aMUNICIPALIDAD PROVINCIAL DEL CUSCO
_cBIBLIOTECA MUNICIPAL DEL CUSCO
082 _a520.3 /
_bM28
100 _aSancho, P. Mateu
_921429
245 _aDiccionario de astronomía y astronautica /
260 _aBarcelona :
_bDestino,
_c1962.
300 _a345 paginas ;
_c25 cm.
505 _aContenido :Diccionario.
650 _aDiccionario
_95196
942 _2ddc
_cLIBROS
945 _arum